00462nam a2200169Ia 4500003000400000005001700004008004100021020001800062050002800080100002000108245007500128260003500203300003300238440000600271521000700277526000800284OSt20140311163106.0140130s9999 xx 000 0 und d a9780439636018 aE 185.97.K5 b.R84 2001 aRuffin, Frances aMartin Luther King, Jr. and the March on Washington /cFrances Ruffin. bScholastic,c2001.aNew York : a45 p. :bcol. ill. ;c23 cm. v1 aG2 c480